| 000 | 01023cam a22002771i 4500 | ||
|---|---|---|---|
| 003 | SA-RiAUC | ||
| 005 | 20250615103928.0 | ||
| 008 | 250615s2004 le g 000 0 ara c | ||
| 040 |
_aIQ-KaPLI _bara _cSA-RiAUC. _erda |
||
| 050 | 4 | _b. S838 2004 | |
| 082 | 0 | 4 |
_a247.5 _qSA-RiAUC |
| 090 |
_a247.5 _b س ب ح |
||
| 100 | 1 |
_aالسبحاني، جعفر، _d1929- _eمؤلف. |
|
| 245 | 1 | 2 |
_aالتوحيد والشرك في القرآن الكريم / _cتأليف جعفر السبحاني. |
| 250 | _aالطبعة الأولى. | ||
| 264 | 1 |
_aبيروت : _bدار الولاء، _c[2004] |
|
| 300 |
_a232 صفحة ؛ _c24 سم |
||
| 336 |
_aنص _btxt _2rdacontent _3كتاب |
||
| 337 |
_aبدون وسيط _bn _2rdamedia |
||
| 338 |
_aمجلد _bnc _2rdacarrier |
||
| 650 | 7 |
_aعلم الكلام في القرآن (شيعة) _2aucsh |
|
| 650 | 7 |
_aالشرك بالله في القرآن (شيعة) _2aucsh |
|
| 730 | 2 | 2 | _aالقرآن |
| 942 |
_2ddc _cBOOK _n0 |
||
| 949 |
_aSA-JeALM _d250615 _ueid123 _n1 |
||
| 999 |
_c8988 _d8988 |
||